• 首页
  • 本馆介绍
  • 公告通知
  • 最新文献
  • 馆藏检索
  • 电子资源
  • 读者导购
  • 参考咨询
  • 我的图书馆
  • 登录
  • 详细信息显示
  • 放入我的书架
  • 预约/预借图书
  • 作者相关作品
  • 分类相关作品
  • 丛书相关作品
  • 出版社相关作品

书目信息

  • 表格格式
  • 工作单格式
  • 卡片格式
题名:
四书白话注解
    
 
作者: ;长春市古籍书店 影印
分册:  
出版信息: 长春   长春市古籍书店  1983.04
页数: 298页
开本: 19cm
丛书名:
单 册:
中图分类: B222.12
科图分类:
主题词: 四书
电子资源:
ISBN:
000 00635nam0 2200229 45
001 0182006295
005 20041209110601.2
010    @dCNY3.15@b精装
100    @a19950622e1983 em y0chiy0121 ea
101 0  @achi
102    @aCN@b220000
105    @ay z 000yy
200 10 @a四书白话注解@Asi shu bai hua zhu jie@f长春市古籍书店影印@FChang ChunShi Gu Ji Shu Dian Ying Yin
205    @b影印本
210    @a长春@c长春市古籍书店@d1983.04
215    @a298页@d19cm
606 0  @a四书
690    @aB222.12@v3
711 02 @a长春市古籍书店@4影印
801  0 @aCN@b上海图书馆@c20040105
801  2 @aCN@bNLC@c20040105
905    @dB222.12@e54
    
    四书白话注解/长春市古籍书店影印.-影印本.-长春:长春市古籍书店,1983.04
    298页;19cm
    
    
    ISBN (精装):CNY3.15
    
●
相关链接 在E读中查询图书 在五车中查询图书 在当当中查询图书 在豆瓣中查询图书


正题名:四书白话注解     索取号:B222.12/54         预约/预借

序号 登录号 条形码 馆藏地/架位号 状态 备注
1 0167341   000525676   第一借阅区/ [索取号:B222.12/54] 在馆    
2 0167342   000508061   第一借阅区/ [索取号:B222.12/54] 在馆    
3 0167343   001995700   第一借阅区/ [索取号:B222.12/54] 在馆    
4 0167344   000508070   第一样本阅览室/ [索取号:B222.12/54] 在馆    
唐山师范学院图书馆 欢迎您!
大连网信软件有限公司© 版权所有